000 00631nam a2200241Ia 4500
003 OSt
005 20221006144850.0
006 a|||||r|||| 00| 0
007 ta
008 221006b |||||||| |||| 00| 0 eng d
020 _c
_2.95
024 _a12,994
037 _cTextual
040 _aEASL
_cEASL
_beng
041 _2eng
_aeng
082 _aV41:51xN66,2, L4
100 _aSIH Paul K T
_9652706
245 0 _aSun Yat-Sen and China
260 _aNew York
_bA. A. T. Chinese Language
_c1974
300 _a176p.
_ccm.
942 _hV41:51xN66,2, L4
_cTEXL
_2CC
999 _c1081080
_d1081080